Ranczo - quiz dla ambitnych - Statystyki

Ogólne statystyki
  • Ten quiz został rozwiązany 1 023 razy
  • Średni wynik to 14 z 25
Statystyki odpowiedzi
Hint Odpowiedź % Poprawnych
Pełna nazwa partii politycznej założonej przez Pawła Kozioła Polska Partia Uczciwości
89%
Państwo, w którym Czerepach odbywał szkolenie Belgia
86%
Państwo, w którym kształcił się ksiądz Robert Watykan
77%
Imię Babki Zofia
76%
Nazwa sklepu prowadzonego przez Więcławską U Krysi
71%
Prezent podarowany Wojewodzie przez Pawła Kozioła Portret
69%
Surowiec, którego rzekome złoża odkrył Solejuk na swoim podwórku Ropa naftowa
69%
Prawdziwe imię i nazwisko Kusego Jakub Sokołowski
67%
Zwierzę uratowane przez Babkę i Lucy Koń
66%
Imię matki Kingi Grażyna
65%
Sport uprawiany w młodości przez Michałową Rzut oszczepem
64%
Suma, którą Solejukowie wygrali na loterii 5 milionów
63%
Imię i nazwisko Magistra Ryszard Polakowski
62%
Imię i nazwisko Biskupa (z Kurii) Wacław Sądecki
59%
Nazwa zespołu tworzonego przez Pietrka i Jolę Super Duo
55%
Imiona państwa Więcławskich Krystyna i Andrzej
53%
Imię i nazwisko Posterunkowego Stanisław Kotecki
53%
Imię i nazwisko męża Weroniki Więcławskiej Kao Tao
52%
Imię i nazwisko osoby, która znalazła uwięzionego we wnykach Hot-Doga Tadeusz Hadziuk
51%
Gatunek muzyki śpiewany przez chór wilkowyjski Gospel
40%
Diabeł podlaski malowany przez Kusego Mamrot
36%
Imię i nazwisko agentki Kusego Monika Korczab
27%
Imię chłopaka Klaudii pracującego w CBA Zbyszko
22%
Tytuł książki napisanej przez Solejukową Najlepsze pierogi na świecie
21%
Nazwa kawiarni prowadzonej przez Kubę (chłopaka Kingi) w Radzyniu Kofi & Ti
18%
Nie znaleziono quizów pasujących do podanych kryteriów
Rozkład punktacji
Procent ludzi z każdym wynikiem
Percentyl według liczby udzielonych odpowiedzi
Twoja historia wyników
Nie rozwiązałeś tego quizu